[Event "Sparkassen-Open A"]
[Site "Heusenstamm, Martinsee"]
[Date "2023.11.26"]
[Round "7.69"]
[White "Werner, Florin"]
[Black "Trumpp, Lothar"]
[Result "1/2-1/2"]
[WhiteElo "1666"]
[BlackElo "1885"]
[PlyCount "145"]
[EventDate "2023.??.??"]
[WhiteTeam "VSG 1880 Offenbach"]
[BlackTeam "VSG 1880 Offenbach"]

1. e4 e5 2. Nf3 Nc6 3. Bb5 a6 4. Ba4 Nf6 5. O-O b5 6. Bb3 Be7 7. Re1 O-O 8. c3 d5 9. exd5 Nxd5 10. Nxe5 Nxe5 11. Rxe5 c6 12. d3 Bd6 13. Re1 Bf5 14. Qf3 Qd7 15. h3 Rae8 16. Rxe8 Rxe8 17. Nd2 Re1+ 18. Nf1 Bg6 19. Bxd5 cxd5 20. b3 Qc7 21. Bb2 Rxa1 22. Bxa1 Qd8 23. c4 dxc4 24. dxc4 bxc4 25. Qc3 Bf8 26. Ne3 cxb3 27. Qxb3 Qd2 28. Qc4 Bd3 29. Qc3 Qxa2 30. Ng4 Qb1+ 31. Kh2 Qb8+ 32. g3 Qd6 33. Ne5 Bb5 34. Qf3 Qe6 35. Ng4 Bc6 36. Qc3 h5 37. Ne5 Bb7 38. Qc4 Bd5 39. Qd3 f6 40. Ng6 Be4 41. Nxf8 Kxf8 42. Qd8+ Kf7 43. Qa5 Bd5 44. Qc7+ Kg6 45. Qc2+ Be4 46. Qd1 Qf5 47. Qe2 Bb7 48. Bc3 Qd5 49. Qf1 a5 50. g4 hxg4 51. hxg4 Qe4 52. f3 Qc2+ 53. Kg3 Qxc3 54. Qb1+ Kf7 55. Qxb7+ Ke6 56. Qxg7 Kd5 57. Qf7+ Kc5 58. Qc7+ Kb4 59. Qb7+ Ka3 60. Qe7+ Kb3 61. Qb7+ Kc2 62. Qe4+ Kd2 63. Qd5+ Kc1 64. Qd6 Kb2 65. Qd7 Qe5+ 66. Kh3 Kb3 67. Qb7+ Kc3 68. Qd7 Kc4 69. Qd1 Qd4 70. Qa4+ Kd3 71. Qxa5 Ke2 72. Qf5 Qa1 73. Qc2+ 1/2-1/2

[Event "Sparkassen-Open A"]
[Site "Heusenstamm, Martinsee"]
[Date "2023.11.26"]
[Round "7.70"]
[White "Weyerer, Noah"]
[Black "Gräf, Jakob Vincent"]
[Result "1-0"]
[WhiteElo "1747"]
[BlackElo "1691"]
[PlyCount "37"]
[EventDate "2023.??.??"]
[WhiteTeam "SV Oberursel"]
[BlackTeam "SV Frankfurt Nord 1926"]

1. c4 c6 2. Nc3 d5 3. cxd5 cxd5 4. d4 Nf6 5. Bf4 Nc6 6. e3 e6 7. Bd3 Bd6 8. Bg3 Bxg3 9. hxg3 a6 10. Nf3 Qd6 11. Rc1 O-O 12. g4 g6 13. g5 Nh5 14. Nd2 e5 15. dxe5 Nxe5 16. Be2 Ng7 17. Nde4 Qb4 18. Nf6+ Kh8 19. Rxh7# 1-0

[Event "Sparkassen-Open A"]
[Site "Heusenstamm, Martinsee"]
[Date "2023.11.26"]
[Round "7.71"]
[White "Berberich, Christoph"]
[Black "Spelleken, Mark"]
[Result "1-0"]
[WhiteElo "1859"]
[BlackElo "1544"]
[PlyCount "63"]
[EventDate "2023.??.??"]
[WhiteTeam "SK Freiburg-Zähringen 1887 e.V."]
[BlackTeam "SC Somborn 1933"]

1. d4 d5 2. Nf3 Nf6 3. e3 e6 4. c4 c6 5. Nbd2 Nbd7 6. Bd3 dxc4 7. Nxc4 b5 8. Nce5 Bb7 9. O-O Bd6 10. Bd2 a6 11. Rc1 Rc8 12. a4 O-O 13. Qe2 Qb6 14. Nxd7 Nxd7 15. a5 Qc7 16. h3 Qb8 17. b4 e5 18. Bb1 exd4 19. exd4 h6 20. Qd3 Nf6 21. Qf5 Be7 22. Ne5 Qd6 23. Ng4 Rfd8 24. Nxf6+ Bxf6 25. Qh7+ Kf8 26. Rfe1 g5 27. Qxh6+ Bg7 28. Qxg5 Bxd4 29. Bf4 Qxb4 30. Bh7 Bxf2+ 31. Kxf2 Qd4+ 32. Be3 1-0

[Event "Sparkassen-Open A"]
[Site "Heusenstamm, Martinsee"]
[Date "2023.11.26"]
[Round "7.72"]
[White "Röß, Jonas"]
[Black "Stehning, Toni"]
[Result "0-1"]
[WhiteElo "1588"]
[BlackElo "1666"]
[PlyCount "88"]
[EventDate "2023.??.??"]
[WhiteTeam "SV Würzburg von 1865 e.V."]
[BlackTeam "SF Braunfels"]

1. e4 e5 2. Nf3 Nc6 3. Bb5 a6 4. Ba4 Nf6 5. O-O Nxe4 6. Re1 Nc5 7. Nxe5 Be7 8. Bxc6 dxc6 9. d4 Ne6 10. c3 O-O 11. Nd2 c5 12. Ndf3 cxd4 13. Nxd4 Nxd4 14. Qxd4 Qxd4 15. cxd4 Bb4 16. Re2 Be6 17. Bf4 c6 18. a3 Ba5 19. Rc1 Rad8 20. Be3 Bb6 21. Rd2 f6 22. Nf3 Rd7 23. h3 Rfd8 24. b4 Bd5 25. Ne1 Bf7 26. Nf3 Bh5 27. g4 Bg6 28. Rcd1 Be4 29. Ne1 Bd5 30. Rb1 Bf7 31. Nf3 g5 32. Kg2 Bd5 33. Rbd1 Bxf3+ 34. Kxf3 Kf7 35. Ke2 a5 36. Kd3 axb4 37. axb4 Ke6 38. Kc3 Kd5 39. f3 Re7 40. Re2 Rde8 41. Rde1 Rxe3+ 42. Rxe3 Rxe3+ 43. Rxe3 Bxd4+ 44. Kd3 Bxe3 0-1

[Event "Sparkassen-Open A"]
[Site "Heusenstamm, Martinsee"]
[Date "2023.11.26"]
[Round "7.73"]
[White "Mohr, Thomas"]
[Black "Valean, David-Andrei"]
[Result "1-0"]
[WhiteElo "1857"]
[BlackElo "1572"]
[PlyCount "59"]
[EventDate "2023.??.??"]
[WhiteTeam "SC FK Babenhausen 1994"]
[BlackTeam "SK 1933 Bad Neustadt"]

1. f4 d5 2. Nf3 Nc6 3. e3 Nf6 4. b3 a6 5. Bb2 Bf5 6. Be2 e6 7. O-O h6 8. Ne5 Bd6 9. Nxc6 bxc6 10. d3 Bc5 11. d4 Bd6 12. Nd2 O-O 13. Bf3 a5 14. c4 Bb4 15. c5 Qb8 16. Nb1 a4 17. a3 axb3 18. axb4 Qxb4 19. Rxa8 Rxa8 20. Nc3 Bc2 21. Qc1 Ne4 22. Bxe4 dxe4 23. h3 f5 24. Rf2 h5 25. g3 Kf7 26. Rg2 Qc4 27. Nb1 Qd3 28. Na3 Bd1 29. Nc4 Kf8 30. Ne5 1-0

[Event "Sparkassen-Open A"]
[Site "Heusenstamm, Martinsee"]
[Date "2023.11.26"]
[Round "7.74"]
[White "Wilke, Jörg"]
[Black "Fleischmann, Theo"]
[Result "1/2-1/2"]
[WhiteElo "1853"]
[BlackElo "1578"]
[PlyCount "122"]
[EventDate "2023.??.??"]
[WhiteTeam "SC Matt im Park Ffm"]
[BlackTeam "SVG CAISSA Kassel"]

1. d4 Nf6 2. c4 e6 3. Nc3 Bb4 4. Qc2 c5 5. e3 b6 6. Nge2 Bb7 7. Bd2 O-O 8. a3 Ba5 9. f3 d5 10. cxd5 exd5 11. Rb1 Nc6 12. Kf2 Rc8 13. Qa4 c4 14. g4 a6 15. h4 b5 16. Qd1 Bc7 17. Bh3 Rb8 18. g5 Ne8 19. f4 Bc8 20. Qg1 Nd6 21. Bxc8 Rxc8 22. Qg2 Ne7 23. Nxd5 Ne4+ 24. Qxe4 Nxd5 25. Nc3 Nxc3 26. Bxc3 Re8 27. Qf3 Bb6 28. Rbd1 Qe7 29. Rhe1 a5 30. d5 Red8 31. Bd4 Bc5 32. Bxc5 Qxc5 33. Rd4 b4 34. axb4 axb4 35. Rc1 c3 36. bxc3 bxc3 37. Qe4 Rb8 38. Qd3 Rb2+ 39. Kf3 Qc8 40. f5 Qb8 41. d6 Qa8+ 42. e4 Qa2 43. Rxc3 Rh2 44. Qf1 Rxh4 45. Qg2 Rf4+ 46. Kxf4 Qxg2 47. e5 Qf2+ 48. Ke4 Qh4+ 49. Kd5 Qxg5 50. Rf3 h5 51. Kc6 Qc1+ 52. Kd5 Qc7 53. Rc4 Qb7+ 54. Rc6 Rc8 55. Rfc3 h4 56. e6 fxe6+ 57. fxe6 Rxc6 58. Rxc6 Kf8 59. Kc5 Qa7+ 60. Kb5 Qb7+ 61. Kc5 Qa7+ 1/2-1/2

[Event "Sparkassen-Open A"]
[Site "Heusenstamm, Martinsee"]
[Date "2023.11.26"]
[Round "7.75"]
[White "Schmid, Leon"]
[Black "Armbrust, Matthias"]
[Result "0-1"]
[WhiteElo "1593"]
[BlackElo "1838"]
[PlyCount "75"]
[EventDate "2023.??.??"]
[WhiteTeam "Sfr.Heidesheim"]
[BlackTeam "Mainz"]

1. e4 c5 2. Nf3 d6 3. g3 Nc6 4. Bg2 g6 5. O-O Bg7 6. d3 e6 7. a4 Nge7 8. c3 O-O 9. Be3 b6 10. d4 cxd4 11. cxd4 d5 12. e5 Ba6 13. Re1 Rc8 14. Nc3 Na5 15. Rc1 Qd7 16. Bf1 Nc4 17. b3 Nxe3 18. Rxe3 Bxf1 19. Qxf1 Bh6 20. Qh3 Bxe3 21. fxe3 Kg7 22. Ng5 h6 23. Nf3 Rc7 24. Qf1 Rfc8 25. Qd3 Rc6 26. Rc2 R8c7 27. Nd2 Qc8 28. Ndb1 a6 29. h4 Nf5 30. Kg2 Qf8 31. Kh3 Qb4 32. g4 Ne7 33. Na2 Qe1 34. Nbc3 g5 35. hxg5 hxg5 36. Kg2 Rc8 37. Qxa6 Rh8 38. Qf1 0-1

[Event "Sparkassen-Open A"]
[Site "Heusenstamm, Martinsee"]
[Date "2023.11.26"]
[Round "7.76"]
[White "Prill, Gerhard"]
[Black "Klein, Deniz"]
[Result "0-1"]
[WhiteElo "1835"]
[BlackElo "1565"]
[PlyCount "79"]
[EventDate "2023.??.??"]
[WhiteTeam "SC Heitersheim"]
[BlackTeam "SG Kaiserslautern 1905"]

1. e4 c5 2. Nf3 d6 3. d4 cxd4 4. Nxd4 Nf6 5. Nc3 g6 6. Be2 Bg7 7. Be3 O-O 8. Qd2 Nc6 9. h3 Bd7 10. g4 a6 11. O-O-O b5 12. a3 Rc8 13. f4 Na5 14. Kb1 Nc4 15. Bxc4 bxc4 16. Nf3 Qa5 17. e5 Rb8 18. exf6 Qxa3 19. Qc1 Bxf6 20. Bd4 Bxd4 21. Nxd4 Qxc3 22. Ne2 Qb4 23. c3 Qa5 24. Rh2 Ba4 25. b4 cxb3 26. Qb2 Bc6 27. Ng3 Qa2+ 28. Qxa2 bxa2+ 29. Kxa2 Rb5 30. Rd4 Ra5+ 31. Kb3 Rb8+ 32. Rb4 Rab5 33. Rxb5 Rxb5+ 34. Kc2 a5 35. c4 Rc5 36. Kd3 a4 37. Ra2 Ra5 38. Ra3 d5 39. cxd5 Bxd5 40. Ne2 0-1

[Event "Sparkassen-Open A"]
[Site "Heusenstamm, Martinsee"]
[Date "2023.11.26"]
[Round "7.77"]
[White "Faßler, Felix"]
[Black "Held, Costa"]
[Result "1/2-1/2"]
[WhiteElo "1606"]
[BlackElo "1699"]
[PlyCount "51"]
[EventDate "2023.??.??"]
[WhiteTeam "SC Fulda"]
[BlackTeam "SC Frankfurt-West"]

1. e4 c5 2. Nf3 g6 3. c3 Bg7 4. d4 cxd4 5. cxd4 d6 6. h3 Nc6 7. Nc3 Nf6 8. Be2 O-O 9. O-O a6 10. a4 d5 11. e5 Ne4 12. Bd3 Bf5 13. Re1 Nxc3 14. bxc3 Bxd3 15. Qxd3 e6 16. Bg5 Qd7 17. Nh2 f5 18. exf6 Bxf6 19. Bxf6 Rxf6 20. Ng4 Rff8 21. Qe3 Rae8 22. h4 h5 23. Ne5 Nxe5 24. Qxe5 Rf5 25. Qg3 Kh7 26. Re2 1/2-1/2

[Event "Sparkassen-Open A"]
[Site "Heusenstamm, Martinsee"]
[Date "2023.11.26"]
[Round "7.78"]
[White "Kovalskyy, Alicia"]
[Black "Motzer, Marc"]
[Result "0-1"]
[WhiteElo "1515"]
[BlackElo "1725"]
[PlyCount "86"]
[EventDate "2023.??.??"]
[WhiteTeam "Düsseldorfer SV 1854"]
[BlackTeam "SK 1912 Ludwigshafen"]

1. e4 d5 2. exd5 Qxd5 3. Nc3 Qd8 4. d4 Nf6 5. Nf3 Bg4 6. Be3 e6 7. h3 Bxf3 8. Qxf3 c6 9. Bc4 Nbd7 10. O-O Bd6 11. Rfe1 O-O 12. Rad1 Re8 13. Bf4 Bxf4 14. Qxf4 a5 15. a4 Nb6 16. Bb3 Nbd5 17. Nxd5 cxd5 18. Rd3 Rc8 19. Qg5 h6 20. Qh4 Ne4 21. Qxd8 Rexd8 22. f3 Nd6 23. Kf2 Kf8 24. g4 Nc4 25. Bxc4 Rxc4 26. c3 Rxa4 27. f4 Rd6 28. Rde3 Ra2 29. R3e2 Rb6 30. Rb1 a4 31. Ke3 Rb3 32. Kd3 a3 33. bxa3 Raxa3 34. Rxb3 Rxb3 35. Ra2 Rb1 36. Re2 Rf1 37. Rb2 Rf3+ 38. Kd2 Rf2+ 39. Kc1 Rxb2 40. Kxb2 Ke7 41. h4 Kf6 42. Kb3 h5 43. gxh5 Kf5 0-1

[Event "Sparkassen-Open A"]
[Site "Heusenstamm, Martinsee"]
[Date "2023.11.26"]
[Round "7.79"]
[White "Büse, Ralf"]
[Black "Schneider, Till"]
[Result "1/2-1/2"]
[WhiteElo "1898"]
[BlackElo "1575"]
[PlyCount "27"]
[EventDate "2023.??.??"]
[WhiteTeam "SC Ladja Roßdorf"]
[BlackTeam "SC Brett vorm Kopp Ffm"]

1. d4 e6 2. Nf3 f5 3. g3 Nf6 4. Bg2 d5 5. O-O Bd6 6. c4 c6 7. Qc2 O-O 8. Ne5 Nbd7 9. Nd3 Qe7 10. Bf4 h6 11. Nd2 Ne4 12. Bxd6 Qxd6 13. Nf3 Qe7 14. b4 1/2-1/2

[Event "Sparkassen-Open A"]
[Site "Heusenstamm, Martinsee"]
[Date "2023.11.26"]
[Round "7.80"]
[White "Schellen, Sven"]
[Black "Gürtler, Karlheinz"]
[Result "1/2-1/2"]
[WhiteElo "1785"]
[BlackElo "1871"]
[PlyCount "96"]
[EventDate "2023.??.??"]
[WhiteTeam "SV Frankfurt Nord 1926"]
[BlackTeam "SC Ober-Ramstadt"]

1. d4 d6 2. Nf3 Nd7 3. Bf4 g6 4. c4 c5 5. e3 Qb6 6. Qb3 Bh6 7. Bg3 Ngf6 8. Nc3 cxd4 9. exd4 Qa5 10. Qb5 Qxb5 11. Nxb5 Kd8 12. Bd3 Nh5 13. Bh4 Nf4 14. Bf1 f6 15. g4 g5 16. Bg3 Nf8 17. h3 N8g6 18. O-O-O a6 19. Nc3 Bd7 20. Bd3 Rc8 21. Bxg6 Nxg6 22. Nd2 f5 23. f3 Bg7 24. Ne2 b5 25. b3 bxc4 26. bxc4 Bb5 27. gxf5 Nf4 28. Bxf4 gxf4 29. Nxf4 Bxc4 30. Kb1 Kd7 31. Nxc4 Rxc4 32. Ne6 Rb8+ 33. Ka1 Bh6 34. f4 Rc2 35. Rb1 Rbc8 36. Rb7+ Ke8 37. Re1 Rc1+ 38. Rxc1 Rxc1+ 39. Kb2 Rf1 40. d5 Kf7 41. Rb8 Kf6 42. Rh8 Kxf5 43. Rxh7 Bxf4 44. Nxf4 Rxf4 45. Rxe7 Rf2+ 46. Kb3 Rf3+ 47. Kb4 Rxh3 48. Re6 a5+ 1/2-1/2

[Event "Sparkassen-Open A"]
[Site "Heusenstamm, Martinsee"]
[Date "2023.11.26"]
[Round "7.81"]
[White "Plaumann, Arvin"]
[Black "Billerbeck, Nick"]
[Result "1-0"]
[WhiteElo "1805"]
[BlackElo "1659"]
[PlyCount "59"]
[EventDate "2023.??.??"]
[WhiteTeam "Sfr.Heidesheim"]
[BlackTeam "SV Unterkochen"]

1. d4 d5 2. Nf3 Nf6 3. g3 Bf5 4. c4 c6 5. Nc3 e6 6. Nh4 Bg6 7. Nxg6 hxg6 8. Qb3 Qc8 9. Bf4 Nh5 10. Bd2 Nd7 11. e4 dxe4 12. Nxe4 Nhf6 13. Ng5 Bd6 14. Bg2 O-O 15. O-O e5 16. dxe5 Nxe5 17. Rfe1 Qc7 18. Re2 Ned7 19. Rae1 Nc5 20. Qc2 a5 21. Bc3 Ncd7 22. Qd2 a4 23. Qd4 Rad8 24. Qh4 Qb8 25. Bh3 Nh5 26. Bg4 Ndf6 27. Bxh5 gxh5 28. Bxf6 gxf6 29. Qxh5 fxg5 30. Qxg5+ 1-0

[Event "Sparkassen-Open A"]
[Site "Heusenstamm, Martinsee"]
[Date "2023.11.26"]
[Round "7.82"]
[White "Rabiya, Karim"]
[Black "Kolker, Vladislav"]
[Result "1/2-1/2"]
[WhiteElo "1737"]
[BlackElo "1874"]
[PlyCount "28"]
[EventDate "2023.??.??"]
[WhiteTeam "SK Niederbrechen 1948"]
[BlackTeam "SC Bad Nauheim"]

1. e4 e5 2. Bc4 Nc6 3. Nc3 Nf6 4. d3 Na5 5. Bb3 Nxb3 6. axb3 d5 7. exd5 Nxd5 8. Qe2 f6 9. f4 Nxc3 10. bxc3 Bd6 11. Nf3 O-O 12. fxe5 fxe5 13. Bg5 Qe8 14. O-O Bg4 1/2-1/2

[Event "Sparkassen-Open A"]
[Site "Heusenstamm, Martinsee"]
[Date "2023.11.26"]
[Round "7.83"]
[White "Francke, Helmut"]
[Black "Kirchmann, Sascha"]
[Result "1/2-1/2"]
[WhiteElo "1872"]
[BlackElo "1710"]
[PlyCount "100"]
[EventDate "2023.??.??"]
[WhiteTeam "SC Bad Nauheim"]
[BlackTeam "SAbt SU Mühlheim"]

1. Nf3 d5 2. g3 Nf6 3. Bg2 e6 4. O-O c5 5. d3 Nc6 6. Nbd2 Be7 7. e4 dxe4 8. dxe4 O-O 9. c3 Qc7 10. Qe2 b6 11. Re1 e5 12. Nf1 a5 13. Bg5 Ba6 14. Qc2 Rad8 15. Rad1 Rxd1 16. Rxd1 Rd8 17. Bxf6 Bxf6 18. Ne3 Rxd1+ 19. Qxd1 Qd8 20. Nd5 Be7 21. Bf1 c4 22. Nxe7+ Qxe7 23. Qd5 Bb7 24. Qxc4 h6 25. Nh4 Qd7 26. Nf5 Ne7 27. Nxe7+ Qxe7 28. Bd3 Qd7 29. b4 Bc6 30. bxa5 bxa5 31. Kg2 a4 32. f3 g5 33. Be2 h5 34. h4 gxh4 35. gxh4 Qd6 36. Kf2 Qf6 37. Ke3 Bd7 38. Qd5 Be6 39. Qa8+ Kg7 40. Qxa4 Qxh4 41. Bc4 Qe1+ 42. Be2 Qxc3+ 43. Kf2 Qc5+ 44. Kg2 h4 45. Qd1 Qe3 46. Bf1 Qg5+ 47. Kh1 Bxa2 48. Qe2 Be6 49. Qh2 f6 50. Qf2 Qf4 1/2-1/2

[Event "Sparkassen-Open A"]
[Site "Heusenstamm, Martinsee"]
[Date "2023.11.26"]
[Round "7.84"]
[White "Gajcin, Jasmina"]
[Black "Feick, Claas Marten"]
[Result "1/2-1/2"]
[WhiteElo "1857"]
[BlackElo "1553"]
[PlyCount "119"]
[EventDate "2023.??.??"]
[WhiteTeam "Dublin Chess Club"]
[BlackTeam "SF Neuberg"]

1. e4 c5 2. Nf3 e6 3. c3 d5 4. e5 Nc6 5. d4 a6 6. a3 Qc7 7. Bd3 Nge7 8. O-O Ng6 9. b4 c4 10. Bc2 b6 11. Ng5 h6 12. Nh3 Nge7 13. f4 g6 14. Nd2 Nf5 15. Nf3 Nfe7 16. Kh1 Bg7 17. Qe1 Bb7 18. a4 Kd7 19. Nf2 Nf5 20. Ng4 Qd8 21. Bd2 h5 22. Nf2 Nce7 23. Ng5 Qe8 24. b5 a5 25. Bc1 Nh6 26. Ba3 Nef5 27. Nd1 h4 28. Ne3 Nxe3 29. Qxe3 Nf5 30. Qf3 Bh6 31. Nh3 Bf8 32. Bxf8 Qxf8 33. Nf2 Qh6 34. Ng4 Qg7 35. Nf6+ Ke7 36. Kg1 Nh6 37. Kf2 Ng8 38. Ng4 Nh6 39. Ke2 Nf5 40. Bxf5 gxf5 41. Nf6 Rh6 42. Rg1 Rah8 43. Ke3 Ba8 44. Qf2 Kd8 45. Qa2 Qf8 46. Raf1 Rg6 47. Rf2 Bb7 48. Qa1 Ba8 49. Ra2 Qg7 50. Qd1 Qf8 51. Qf3 Rgh6 52. g4 hxg3 53. Rxg3 Kc7 54. h3 Rg6 55. Rxg6 fxg6 56. Qg3 Rh6 57. h4 Qh8 58. Rh2 Qf8 59. Ra2 Qh8 60. Rh2 1/2-1/2

[Event "Sparkassen-Open A"]
[Site "Heusenstamm, Martinsee"]
[Date "2023.11.26"]
[Round "7.85"]
[White "Spelleken, Hans-Gerd"]
[Black "Kretner, Georg-Ulrich"]
[Result "0-1"]
[WhiteElo "1700"]
[BlackElo "1847"]
[PlyCount "100"]
[EventDate "2023.??.??"]
[WhiteTeam "SC Somborn 1933"]
[BlackTeam "SC Bad Nauheim"]

1. Nf3 d5 2. d4 e6 3. Nbd2 f5 4. e3 Nf6 5. Be2 Bd6 6. c3 Nbd7 7. h3 Ne4 8. c4 c6 9. Qb3 O-O 10. g4 Kh8 11. Rg1 f4 12. Nf1 Ng5 13. Nxg5 Qxg5 14. c5 Bc7 15. exf4 Bxf4 16. Bxf4 Rxf4 17. Qe3 Qf6 18. Rd1 Re4 19. g5 Qf8 20. Qc3 e5 21. b4 Qe7 22. Ng3 exd4 23. Rxd4 Rxd4 24. Qxd4 Ne5 25. Kf1 Bxh3+ 26. Rg2 Rf8 27. f4 Ng6 28. f5 Qe5 29. Qxe5 Nxe5 30. Kf2 Bxg2 31. Kxg2 Nc4 32. Kf3 Re8 33. Kf4 Nd2 34. Bh5 Re1 35. f6 g6 36. Bg4 Kg8 37. Bc8 b6 38. cxb6 axb6 39. Bb7 Ne4 40. Bxc6 Nxg3 41. Bxd5+ Kf8 42. Kxg3 Rb1 43. Bb3 Rg1+ 44. Kf4 Rf1+ 45. Kg4 Rf5 46. a4 Re5 47. Kf4 Re1 48. Bc2 Re2 49. Bd3 Rb2 50. a5 Rxb4+ 0-1

[Event "Sparkassen-Open A"]
[Site "Heusenstamm, Martinsee"]
[Date "2023.11.26"]
[Round "7.86"]
[White "Van Den Hoff, Damian"]
[Black "Gärtner, Johannes"]
[Result "1-0"]
[WhiteElo "1825"]
[BlackElo "1582"]
[PlyCount "65"]
[EventDate "2023.??.??"]
[WhiteTeam "Rotterdam"]
[BlackTeam "Sfr.Mainz 1928"]

1. e4 e5 2. Nf3 Nc6 3. Bc4 Bc5 4. c3 Nf6 5. d3 a6 6. O-O d6 7. Bb3 Ba7 8. Nbd2 O-O 9. Re1 Re8 10. Nf1 h6 11. Ng3 Be6 12. h3 d5 13. exd5 Bxd5 14. Be3 Bxe3 15. fxe3 Qd7 16. Bc2 Rad8 17. e4 Be6 18. Qe2 Qe7 19. b4 Bc8 20. Rf1 Na7 21. Rac1 c5 22. a3 Nc6 23. Nh4 cxb4 24. axb4 Qc7 25. Nhf5 Re6 26. Bb3 Nxe4 27. Nxe4 Rg6 28. Nh4 Re6 29. Bxe6 Bxe6 30. Qe3 Rf8 31. Nf5 Qd7 32. Nc5 Qc8 33. Nd6 1-0

[Event "Sparkassen-Open A"]
[Site "Heusenstamm, Martinsee"]
[Date "2023.11.26"]
[Round "7.87"]
[White "Peter, Laurenz"]
[Black "Pradeep, Harshill"]
[Result "1/2-1/2"]
[WhiteElo "1810"]
[BlackElo "1538"]
[PlyCount "103"]
[EventDate "2023.??.??"]
[WhiteTeam "Sportgemeinschaft Kaarst 1912/35"]
[BlackTeam "SK Bickenbach"]

1. d4 Nf6 2. c4 c5 3. d5 b5 4. cxb5 a6 5. b6 Qxb6 6. Nc3 d6 7. Nf3 g6 8. e4 Bg4 9. Be2 Bxf3 10. Bxf3 Nbd7 11. O-O Bg7 12. Rb1 O-O 13. Be3 Qc7 14. Be2 Rfb8 15. g4 Ne8 16. h4 Qc8 17. h5 Nc7 18. Kg2 Nb5 19. Na4 Nb6 20. Nxb6 Rxb6 21. Qd2 Rab8 22. Qa5 Qd7 23. Qa4 Qc8 24. hxg6 fxg6 25. Qc2 Nd4 26. Bxd4 Bxd4 27. b3 a5 28. Qd3 Qd7 29. Qh3 Rf8 30. f4 Rbb8 31. Rh1 Rf7 32. f5 g5 33. Qh6 Rg7 34. Rh5 Bf6 35. Rhh1 Rb4 36. Bc4 Rb8 37. Qh3 Rf8 38. Qd3 Qb7 39. Bb5 Rb8 40. a4 Rf8 41. Rh6 Qc8 42. Rbh1 Qd8 43. R1h3 Qc8 44. R3h5 Qd8 45. Qh3 Rff7 46. Bc6 Qc8 47. Qd3 Rf8 48. Rh3 Qc7 49. Bb5 Qb7 50. R3h5 Qc8 51. Bc4 Qc7 52. Bb5 1/2-1/2

[Event "Sparkassen-Open A"]
[Site "Heusenstamm, Martinsee"]
[Date "2023.11.26"]
[Round "7.88"]
[White "Meyer-Jany, Marcel"]
[Black "Kanno, Clara Yumi"]
[Result "1-0"]
[WhiteElo "1778"]
[BlackElo "1388"]
[PlyCount "89"]
[EventDate "2023.??.??"]
[WhiteTeam "SK Herborn 1946"]
[BlackTeam "SF Essen-Werden 1924/"]

1. d4 d5 2. c4 c6 3. Nc3 Nf6 4. Nf3 a6 5. e3 Bf5 6. Qb3 b5 7. cxd5 cxd5 8. a4 Qa5 9. Bd2 b4 10. Na2 Nc6 11. Rc1 Qb6 12. Nxb4 Nxb4 13. Qxb4 Qxb4 14. Bxb4 a5 15. Ba3 Bd7 16. Bb5 Bxb5 17. axb5 e6 18. Bc5 a4 19. O-O Ra5 20. b6 Nd7 21. Bxf8 Rxf8 22. Rc8+ Ke7 23. Rc7 f6 24. Ra1 Kd6 25. Rac1 Rb8 26. R1c6+ Ke7 27. Ra7 Rb5 28. Rcc7 Rd8 29. b7 Rxb2 30. g3 Kd6 31. Rc3 Rb8 32. Rxa4 R8xb7 33. Ra6+ R7b6 34. Rxb6+ Nxb6 35. Ra3 Rc2 36. Ra7 Rc7 37. Ra2 Ke7 38. Kg2 Kd7 39. g4 Nc4 40. h4 Nd6 41. Nd2 Ke7 42. Nb3 Ne4 43. f3 Nd6 44. Nc5 Nb7 45. Ra7 1-0

[Event "Sparkassen-Open A"]
[Site "Heusenstamm, Martinsee"]
[Date "2023.11.26"]
[Round "7.89"]
[White "Bahlo, Jens"]
[Black "Alt, Johannes"]
[Result "1-0"]
[WhiteElo "1795"]
[BlackElo "1557"]
[PlyCount "117"]
[EventDate "2023.??.??"]
[WhiteTeam "SK 1858 Gießen"]
[BlackTeam "Sfr.Heidesheim"]

1. e4 e6 2. d3 d5 3. Qe2 Be7 4. Nf3 Nf6 5. e5 Nfd7 6. g3 c5 7. Bg2 Nc6 8. O-O O-O 9. h4 Qc7 10. Re1 b5 11. Bf4 a5 12. Nbd2 Ba6 13. c3 c4 14. d4 b4 15. Bg5 bxc3 16. bxc3 Rab8 17. Bxe7 Nxe7 18. Rab1 Rxb1 19. Rxb1 Rb8 20. Qd1 Rxb1 21. Qxb1 Qb6 22. Qc2 Bb5 23. Ng5 Nf8 24. Qb1 Qa6 25. Nf1 Be8 26. Qb8 Qb5 27. Qd8 Nf5 28. Bh3 Nh6 29. Kg2 a4 30. Ne3 Qd7 31. Qxd7 Bxd7 32. Nc2 g6 33. Kf1 Kg7 34. Ke2 Ng8 35. Kd2 Ne7 36. Kc1 Be8 37. Kb2 Nd7 38. Ka3 Nb6 39. Bg4 h6 40. Nh3 h5 41. Bd1 Kf8 42. Nb4 Bb5 43. Nc2 Nc6 44. Ne3 Ke7 45. Bc2 Na7 46. Nd1 Be8 47. Nb2 Nb5+ 48. Kb4 a3 49. Na4 Na8 50. Nc5 Nac7 51. Ba4 Kd8 52. Ng5 Ke7 53. Nh7 Bc6 54. Ng5 Be8 55. f4 Bc6 56. Nf3 Be8 57. Ne1 f6 58. Nc2 fxe5 59. fxe5 1-0

[Event "Sparkassen-Open A"]
[Site "Heusenstamm, Martinsee"]
[Date "2023.11.26"]
[Round "7.90"]
[White "Mehlen, Theodor"]
[Black "Köhlich, Viktor"]
[Result "1-0"]
[WhiteElo "1808"]
[BlackElo "1608"]
[PlyCount "85"]
[EventDate "2023.??.??"]
[WhiteTeam "SC Matt im Park Ffm"]
[BlackTeam "SC Matt im Park Ffm"]

1. e4 c5 2. Nf3 d6 3. d4 cxd4 4. Nxd4 Nf6 5. Nc3 a6 6. f3 e6 7. Be3 Be7 8. Qd2 O-O 9. O-O-O Nc6 10. g4 Nxd4 11. Bxd4 b5 12. Kb1 Nd7 13. Qf2 Bb7 14. h4 Rc8 15. Bd3 Qa5 16. Ne2 e5 17. Be3 b4 18. Nc1 Nc5 19. Nb3 Nxb3 20. axb3 Qc7 21. Bc4 Qd7 22. Rd2 a5 23. Bg5 a4 24. Bxe7 Qxe7 25. Qb6 axb3 26. Bxb3 Rfd8 27. Qxb4 Rb8 28. Qc3 Ra8 29. Qe3 Qc7 30. c3 Qa5 31. Rhd1 Ra6 32. Qd3 Bc6 33. Qc4 Be8 34. h5 h6 35. Rd5 Qb6 36. f4 exf4 37. e5 f3 38. Rxd6 Rxd6 39. exd6 Qa7 40. d7 Ra1+ 41. Kc2 Bxd7 42. Qxf7+ Kh7 43. Qg8# 1-0

[Event "Sparkassen-Open A"]
[Site "Heusenstamm, Martinsee"]
[Date "2023.11.26"]
[Round "7.91"]
[White "Peri, Jean-Christophe"]
[Black "Richter, Johanna"]
[Result "1-0"]
[WhiteElo "1667"]
[BlackElo "1529"]
[PlyCount "53"]
[EventDate "2023.??.??"]
[WhiteTeam "SK Herborn 1946"]
[BlackTeam "Sfr.Heidesheim"]

1. d4 Nf6 2. c4 g6 3. Nc3 d5 4. cxd5 Nxd5 5. Bd2 Bg7 6. e4 Nxc3 7. Bxc3 O-O 8. Qd2 b6 9. Nf3 Bb7 10. Bd3 Nd7 11. Rd1 c5 12. d5 Nf6 13. Qe2 a6 14. O-O b5 15. a3 Re8 16. Bc2 Qb6 17. Qd2 a5 18. Rfe1 b4 19. Bxf6 Bxf6 20. e5 Bg7 21. e6 fxe6 22. Rxe6 Qc7 23. Qe2 Qd7 24. Bb3 Bf8 25. Ne5 Qc8 26. d6 Ba6 27. Rxg6+ 1-0

[Event "Sparkassen-Open A"]
[Site "Heusenstamm, Martinsee"]
[Date "2023.11.26"]
[Round "7.92"]
[White "John, Volkmar"]
[Black "Arkhipenko, Denis"]
[Result "1/2-1/2"]
[WhiteElo "1646"]
[BlackElo "1658"]
[PlyCount "53"]
[EventDate "2023.??.??"]
[WhiteTeam "SK Herborn 1946"]
[BlackTeam "SC Heusenstamm"]

1. c4 Nf6 2. g3 g6 3. b3 Bg7 4. Bb2 O-O 5. Bg2 d6 6. Nf3 c5 7. O-O Nc6 8. e3 Bg4 9. h3 Bd7 10. Nc3 a6 11. Qe2 h6 12. Rad1 Qc8 13. Kh2 b5 14. d4 cxd4 15. Nxd4 b4 16. Nd5 Nxd5 17. Nxc6 Bxc6 18. Bxd5 Bxd5 19. Rxd5 Qe6 20. Bxg7 Kxg7 21. Qd2 a5 22. Qd4+ Qf6 23. Qxf6+ Kxf6 24. Kg2 Rfd8 25. Rfd1 Rac8 26. Rb5 Rc6 27. Kf3 1/2-1/2

[Event "Sparkassen-Open A"]
[Site "Heusenstamm, Martinsee"]
[Date "2023.11.26"]
[Round "7.93"]
[White "Zerhusen, Martin"]
[Black "Brehme, Ralf-Peter"]
[Result "0-1"]
[WhiteElo "1673"]
[BlackElo "1935"]
[PlyCount "76"]
[EventDate "2023.??.??"]
[WhiteTeam "SV Oberursel"]
[BlackTeam "Vorw.Orient Mainz"]

1. d4 f5 2. c4 Nf6 3. g3 g6 4. Bg2 Bg7 5. Nc3 O-O 6. e3 d6 7. Nf3 Qe8 8. O-O c6 9. Qc2 e5 10. Rd1 e4 11. Nd2 Na6 12. a3 Nc7 13. b4 Be6 14. c5 dxc5 15. bxc5 Qf7 16. Rb1 Rab8 17. Qa4 a6 18. Qc2 g5 19. Nb3 Bc4 20. Bf1 Bxf1 21. Rxf1 g4 22. Na5 Ne6 23. Kh1 Kh8 24. Qb3 Rfe8 25. Bb2 Qh5 26. Qd1 Ng5 27. Rg1 Nf3 28. Rg2 Nd7 29. Ne2 Qf7 30. Ba1 Nf6 31. Qc2 Nd5 32. Nc4 Re6 33. Nd6 Qh5 34. Bc3 Rh6 35. h4 gxh3 36. Rh2 Nxh2 37. Kxh2 Kg8 38. Ba5 Qf3 0-1